00768nam a22002297a 4500003000200000005001700002008004100019020001800060050002300078245006300101260007100164300003100235504004200266650002800308650002200336650003100358650004700389700002400436700002400460700003100484700002300515020250506180137.0250506b xxu||||| |||| 00| 0 eng d a9786214271979 aT 58.5b.Em47 2024 aEmpowerment technologies cAbante, Marmelo and four others aManilabUnlimited Books Library Services & Publishing Inc. cc2024 aviii, 298 pages ; c26cm.  aIncludes bibliographical references.  aInformation technology. aDigital literacy. aInternet—Social aspects. aCommunication—Technological innovations. aAbante, Marmelo V.  aVillegas, Renato A. aArguelles, Dean Pastor R.  aNeones, Mark Raffy